Uogólnione rozwiazania i korekcje sprzecznych modeli optymalizacyjnych we wspomaganiu procesów podejmowania decyzji ekonomicznych

Salvato in:
Dettagli Bibliografici
Autore principale: Mika, Jerzy
Natura: Libro
Lingua:polacco
Pubblicazione: Katowice Akademia Ekon. im. Karola Adamieckiego 1990
Edizione:1. wyd.
Serie:Prace naukowe
Tags: Aggiungi Tag
Nessun Tag, puoi essere il primo ad aggiungerne!!

MARC

LEADER 00000nam a2200000 4500
001 c022054
005 20221206122759.0
041 0 |a pol 
044 |a PL 
245 1 0 |a Uogólnione rozwiazania i korekcje sprzecznych modeli optymalizacyjnych we wspomaganiu procesów podejmowania decyzji ekonomicznych  |c Jerzy Mika 
250 |a 1. wyd. 
264 1 |a Katowice  |b Akademia Ekon. im. Karola Adamieckiego  |c 1990 
300 |a 231 s. 
490 1 |a Prace naukowe 
830 0 |a Prace naukowe 
100 1 |a Mika, Jerzy